000 00316nam a2200109Ia 4500
008 180205s9999 xx 000 0 und d
020 _a9715740065
100 _aRomero, Perlita
245 _cEugenio, Pacelli S.
_aAn approach to literature /
260 _aQuezon City
_bKatha publishing
_c1997
300 _aiv, 157 pages
999 _c354886
_d354886